Score 0/22 Timer 03:00
0 Plays Today
Tween TV Show Missing Word % Correct
Hannah _______Montana
98.8%
SpongeBob _______Pants.Square
96%
Wizards of Waverly _______Place
86.6%
That's So _______Raven
85.1%
The Suite _______ on DeckLife
82%
i_______Carly
78.9%
Drake & _______Josh
71.8%
Good _______ CharlieLuck
70.2%
The Secret Life Of The American _______Teenager
66.2%
Big _______ RushTime
61.7%
Sonny with a _______Chance
55.6%
Tween TV Show Missing Word % Correct
Cory in the _______House
53%
A.N.T. _______Farm
44.7%
Lab _______Rats
39.8%
Kickin’ _______It
34.8%
_______ It UpShake
33.7%
Ned's _______ School Survival GuideDeclassified
32.9%
_______ RandomSo
31.1%
The _______ Brothers BandNaked
24.6%
_______ Jackson, VPTrue
24.1%
_______ of KingsPair
12.8%
Lincoln _______Heights
10.9%

Today's Daily Dose

Remove Ads.
Support Sporcle.
Get the best of Sporcle when you Go Orange. This ad-free experience offers more features, more stats, and more fun while also helping to support Sporcle. Thank you for becoming a member.

You're not logged in!

Compare scores with friends on all Sporcle quizzes.
OR
Log In

Show Comments

Extras

Top Quizzes Today


Score Distribution

Your Account Isn't Verified!

In order to create a playlist on Sporcle, you need to verify the email address you used during registration. Go to your Sporcle Settings to finish the process.

Report this User

Report this user for behavior that violates our Community Guidelines.

Details: